|
|
|
|
| LEADER |
01044nam a22002537i 4500 |
| 001 |
10030257 |
| 003 |
GR-PaULI |
| 005 |
20240521111718.0 |
| 008 |
170926s2004 gr g d gre d |
| 020 |
|
|
|a 9602565799
|
| 040 |
|
|
|a GR-PaULI
|b gre
|c GR-PaULI
|e AACR2
|
| 041 |
1 |
|
|a gre
|h tur
|
| 082 |
0 |
4 |
|a 894
|2 23
|
| 100 |
1 |
|
|9 164345
|a Mungan, Murathan,
|d 1955-
|e συγγραφέας
|
| 245 |
1 |
0 |
|a Τα ελάφια και οι κατάρες /
|c Μουρατχάν Μουνγκάν ; μετάφραση Πέτρος Μάρκαρης.
|
| 260 |
|
|
|a Αθήνα :
|b Εξάντας,
|c 2004.
|
| 300 |
|
|
|a 239 σ. ;
|c 22 εκ.
|
| 650 |
|
4 |
|a Τουρκικό δράμα
|9 84228
|
| 760 |
0 |
|
|a Παγκόσμιο Θέατρο
|g 23
|
| 700 |
1 |
4 |
|a Μάρκαρης, Πέτρος,
|d 1937-
|e μεταφραστής
|9 203243
|
| 942 |
|
|
|2 ddc
|c BK15
|
| 952 |
|
|
|0 0
|1 0
|2 ddc
|4 0
|6 894_000000000000000_MUN
|7 0
|9 215349
|a THST
|b THST
|d 2017-09-26
|i 000149
|l 0
|o 894 MUN
|p 025000136704
|r 2017-09-26 00:00:00
|t 1
|v 2017.00
|w 2017-09-26
|y BK15
|
| 998 |
|
|
|c ΜΑΝΙΑ
|d 2017-09
|
| 999 |
|
|
|c 130840
|d 130840
|